000
00258nam a2200109Ia 4500
008
220204s9999 xx 000 0 und d
082
_a
91 (540)
_b
KAT
100
_a
Elizabeth
245
0
_a
India in pictures
260
_a
New York
_b
Sterling
_c
1979
942
_c
BK
999
_c
35873
_d
35873